000 00382nam a2200157Ia 4500
005 20260417150918.0
008 260417s9999||||xx |||||||||||||| ||und||
020 _a9781009442534
041 _aeng
100 _aIrish
245 0 _aUniversality of emotion
260 _bCambridge, Cambridge,
_c2025
650 _aPsychology
856 _u10.1017/9781009442534
942 _cE-BOOK
999 _c50662
_d50662